01017cam9a220021700 4500001001200000008004100012010001600053035002000069035002100089035002200110050002100132082001700153100007300170245009100243260004600334504003000380650003500410651017800445651016900623004000700792lce00686643690925c19681937nyuac b 001 0 eng  a 69013914 a(Sirsi) r110523 a(DLC) 69013914 a(UPRA)lce006866430 aJS708b.G6 1968b a320.9/773/111 aGosnell, Harold Foote, 1896-dGosnell, Harold Foote, 1896-6A70353.110aMachine politics: Chicago model,cby Harold F. Gosnell. Foreword by William F. Ogburn. aNew York,bGreenwood Pressc[1968, c1937] aBibliography: p. 214-219. 0aPolitics, Practical.6S32026.1 0aChicago (Ill.) -- Politics and government -- To 1950.xChicago (Ill.) -- Politics and government -- To 1950.yChicago (Ill.) -- Politics and government -- To 1950.6S53109.1 0aChicago (Ill.) -- Politics and government -- 1951-xChicago (Ill.) -- Politics and government -- 1951-yChicago (Ill.) -- Politics and government -- 1951-6S53110.1110523